| 000 | 01287cam a2200349 i 4500 | ||
|---|---|---|---|
| 001 | 24726 | ||
| 003 | Mx-PuUPA | ||
| 005 | 20250613113419.0 | ||
| 008 | 140415s1995 mx adb gr 001 0 spa d | ||
| 020 | _a968664055X | ||
| 040 |
_aMx-PuUPA _bspa _cMx-PuUPA _dMx-PuUPA _erda |
||
| 041 | 0 | _aspa | |
| 043 | _an-mx--- | ||
| 245 | 1 | 0 |
_aMarginación y pobreza en México / _cGloria Vázquez Rangel y Jesús Ramírez López, coordinadores |
| 250 |
_aPrimera edición / _bmarzo |
||
| 264 | 1 |
_aMéxico, D. F. : _bEditorial Ariel, _c1995 |
|
| 300 |
_a386 páginas, 2 hojas plegadas en varias secciones sin numerar : _bilustraciones, gráficas, mapas, tablas ; _c23 cm |
||
| 336 |
_2rdacontent _atexto _btxt |
||
| 337 |
_2rdamedia _asin medio _bn |
||
| 338 |
_2rdacarrier _avolumen _bnc |
||
| 490 | 0 | _aAriel Divulgación | |
| 650 | 7 |
_2armarc _aMarginalidad social _zMéxico |
|
| 650 | 7 |
_2armarc _aPobreza _zMéxico |
|
| 651 | 4 |
_aMéxico _xCondiciones sociales _y1970 |
|
| 700 | 1 |
_aVázquez Rangel, Gloria, _ecoordinador _917123 |
|
| 700 | 1 |
_aRamírez López, Jesús, _ecoordinador |
|
| 942 |
_2ddc _cLI _h339.460972 _iM28 |
||
| 999 |
_c24726 _d24726 |
||